000 01607nam0a2200361 4500
001 RU\NLR\bibl\574157
005 20250610133659.0
010 _a5-8372-0093-2
_9500
021 _aRU
_b2004-25812
_91302
035 _aRSL-KNO-002429172
035 _a(NLR Aleph) 000566204
090 _a1563636
_c1563636
100 _a20040506d2004 |||y0rusy50 ca
101 1 _arus
_cger
102 _aRU
105 _ay |||||||||
106 _ar
200 1 _aРеспублика Башкортостан: через государственный суверенитет к авторитарному режиму
_fЙорн Гревингхольт
_g[Авториз. пер. с нем. Н.Н. Реуцкой]
210 _aУфа
_cЗдравоохранение Башкортостана
_d2004
_eРизограф ООО Таймер
215 _a47, [2] с.
_d30
606 0 _aОрганы государственной власти
_yБашкортостан, Республика
_92223848
_3RU\NLR\auth\661335158
610 0 _aГосударство и право. юридические науки -- Конституционное право -- Российская Федерация -- Национально-государственное устройство
686 _aХ620.4,0
_2rubbk
686 _aХ620.611.33Б
700 1 _aГревингхольт
_bЙ.
_f1967-
_gЙорн
_4070
801 0 _aRU
_bRuMoRKP
_c20040506
_gPSBO
801 1 _aRU
_bRuMoRGB
_c20040506
801 2 _aRU
_bNLR
_c20041115
_gPSBO
942 _cBOOK
980 _aNB
980 _aNBR